01274nam a2200325 i 4500003000900000005001700009007000300026008004100029020001800070020001800088040003000106082001900136100003100155245019100186264004800377300002700425336002700452337003300479338002800512500005800540504003400598590002700632700003600659700003900695700004000734910001400774942001400788952012900802999001700931DO-SdBNP20230731151959.0ta230601b2010 dr |||| |||| 00| 0 spa d a9781452081526 a9781452081533 aDO-SdBNPbspacBNPHUerda 4axxxxbxxxx222 aPaniagua, Freddy A.96170614aThe interpersonal-Psychological theory of attempted and completed suicide:bconceptual and empirical issues /cFreddy A. Paniagua, Sandra A. Black, M. Shayne Gallaway, Michelle A. Coombs 4aBreinigsville, PA USA:bAuthorHouse,c2010. a63 páginas ;c23 cm. 2rdacontentatextobtxt 2rdamediaasin mediaciónbn 2rdacarrieravolumenbnc aIncluye datos biográficos del autor en la pagina 65 aBibliografía Paginas: 49-63 aInventariado, 2023/ YL12aBlack, Sandra A.eAutora98384312aGallaway, M. ShayneeAutora98384412aCoombs, Michelle A. eAutora983845 aYLockward 2ddccLBS1 00102ddc51708PDaBNPHUbBNPHUcHDd2022-07-01eFreddy A. Paniagual0oxxxx xxxxp2023-5091r2023-07-31w2023-07-31yLBS1 c54273d54273